| 000 | 00836pam a2200277 a 4500 | ||
|---|---|---|---|
| 001 | 1425794 | ||
| 003 | ARRUPE | ||
| 005 | 20150716165004.0 | ||
| 008 | 841228s1985 enk b 001 0 eng | ||
| 010 | _a 84029634 | ||
| 020 | _a0582493862 (pbk.) | ||
| 040 |
_aDLC _cDLC _dDLC |
||
| 043 | _ae------ | ||
| 050 | 0 | 0 |
_aD359 _b.A52 1985 |
| 082 | 0 | 0 |
_a940.2/8 _219 |
| 100 | 1 |
_aAnderson, M. S. _q(Matthew Smith) _918321 |
|
| 245 | 1 | 4 |
_aThe ascendancy of Europe, 1815-1914 / _cM.S. Anderson. |
| 260 |
_aLondon ; _aNew York : _bLongman, _c1985. |
||
| 300 |
_axi, 411 p. ; _c21 cm. |
||
| 500 | _aIncludes index. | ||
| 504 | _aBibliography: p. 377-388. | ||
| 651 | 0 |
_aEurope _xHistory _y1815-1871. _918322 |
|
| 651 | 0 |
_aEurope _xHistory _y1871-1918. _917434 |
|
| 906 |
_a7 _bcbc _corignew _d1 _eocip _f19 _gy-gencatlg |
||
| 942 |
_2lcc _cMONOGRAPH |
||
| 999 |
_c122975 _d122975 |
||